<?xml version="1.0" encoding="UTF-8"?>
<record
    xmlns:xsi="http://www.w3.org/2001/XMLSchema-instance"
    xsi:schemaLocation="http://www.loc.gov/MARC21/slim http://www.loc.gov/standards/marcxml/schema/MARC21slim.xsd"
    xmlns="http://www.loc.gov/MARC21/slim">

  <leader>00777nab a2200205 uc4500</leader>
  <controlfield tag="001">409326</controlfield>
  <controlfield tag="005">20251218100840.0</controlfield>
  <controlfield tag="008">990519e19971201                    spa  </controlfield>
  <datafield tag="035" ind1=" " ind2=" ">
    <subfield code="a">409326</subfield>
  </datafield>
  <datafield tag="035" ind1=" " ind2=" ">
    <subfield code="a">(OCoLC)819781646</subfield>
  </datafield>
  <datafield tag="040" ind1=" " ind2=" ">
    <subfield code="c">comduadb</subfield>
  </datafield>
  <datafield tag="041" ind1=" " ind2=" ">
    <subfield code="a">spa</subfield>
  </datafield>
  <datafield tag="100" ind1="1" ind2="0">
    <subfield code="a">D&#xED;az Gonz&#xE1;lez, Federico</subfield>
    <subfield code="4">aut</subfield>
    <subfield code="e">aut</subfield>
    <subfield code="9">274208</subfield>
  </datafield>
  <datafield tag="245" ind1="1" ind2="0">
    <subfield code="a">Reflexiones sobre las actitudes del medico en la consulta de pacientes con enfermedades de transmision sexual</subfield>
  </datafield>
  <datafield tag="650" ind1=" " ind2=" ">
    <subfield code="a">Actitud sanitaria</subfield>
    <subfield code="9">18509</subfield>
  </datafield>
  <datafield tag="650" ind1=" " ind2="7">
    <subfield code="a">Relaciones m&#xE9;dico-paciente</subfield>
    <subfield code="2">dcs</subfield>
    <subfield code="9">47558</subfield>
  </datafield>
  <datafield tag="650" ind1=" " ind2="7">
    <subfield code="a">Enfermedades transmisibles</subfield>
    <subfield code="2">dcs</subfield>
    <subfield code="9">44424</subfield>
  </datafield>
  <datafield tag="773" ind1="0" ind2=" ">
    <subfield code="t">Iatreia : Revista M&#xE9;dica Universidad de Antioquia (Medell&#xED;n)</subfield>
    <subfield code="g">Volumen 10, N&#xFA;mero 04, Diciembre 1997, p. 137-143</subfield>
    <subfield code="w">318124</subfield>
    <subfield code="x">0121-0793</subfield>
    <subfield code="0">105489</subfield>
  </datafield>
  <datafield tag="942" ind1=" " ind2=" ">
    <subfield code="c">ARIMP</subfield>
  </datafield>
  <datafield tag="999" ind1=" " ind2=" ">
    <subfield code="c">115248</subfield>
    <subfield code="d">115248</subfield>
  </datafield>
</record>
